00808 2200289 4500001002100000005001500021035002500036090002300061090002100084245007900105250001100184260003600195300003600231007000300267008004100270020001800311040001700329082001900346084001900365100002800384650000900412700002200421850001200443999002100455990002100476990002100497YOGYA00000000007495220200612012325 a0010-081400000074669 aDEP 664.7523 FAN p aCB-D.11 2004-61100aPastry and bakery production /cFanny Noviany Lamadlauw, Abd. Rahman Arief aCet. 1 aYogyakarta :bGraha Ilmu,c2004 avii; 67 hlm. :bilus. ;c21 cm.ta131128s2004 xx a g ind d a979-756-015-X aYOPDYOGbind042[22]a664.7523 a664.7523 FAN p0 aFanny Noviany Lamadlauw 4aRoti1 aRahman Arief, Abd aYOPDYOG aCB-D.11/2004-611 aCB-D.11/2004-611 aCB-D.11/2004-611